000
00312nam a2200133Ia 4500
100
_a
Barnes/ Ralph.M
942
_c
BK
654
_a
motion
245
_a
Motion and time study design and measurement of work
260
_b
John Wiley & Sons
_c
2002
082
_a
658.542
_b
BAR
300
_a
689
546
_a
ENGLISH
999
_c
29825
_d
29825